000 00915nam0a22002531 4500
001 v19\rc\1659805
005 20260405194950.0
035 _a(NLR Aleph) 005242030
090 _a5714578
_c5714578
100 _a20061002d1890 |||y0rusy50 ca
101 0 _arus
102 _aRU
105 _ay z |||||
200 1 _aПолитическое значение буланжизма во Франции
_eИст.-полит. этюд Н.В. Рейнгардт
210 _aКазань
_cтип. Н.А. Ильяшенко
_dценз. 1890
215 _a58 с.
_d20
700 1 _8rus
_7ca
_aРейнгардт
_bН. В.
_f1842-
_gНиколай Викторович
_3RU\NLR\AUTH\7786669
_969597
801 0 _aRU
_bNLR
_c20061002
_gpsbo
801 0 _aRU
_bRuMoRGB
_c20061002
_2psbo
801 1 _aRU
_bProSoft-M
_c20061002
_2rusmarc
801 2 _aRU
_bNLR
_c20100428
_2rusmarc
852 _aNLR
_j18.277.5.378
942 _cBOOK
980 _aNB